The Financing of Pension Systems in Central and Eastern Europe. An Overview of Major Trends and Their Determinants, 1990 - 1993 (Record no. 3317)

MARC details
000 -LEADER
fixed length control field 00587nam a22002057i 4500
001 - CONTROL NUMBER
control field 3367
003 - CONTROL NUMBER IDENTIFIER
control field OSt
005 - DATE AND TIME OF LATEST TRANSACTION
control field 20170126082317.0
007 - PHYSICAL DESCRIPTION FIXED FIELD--GENERAL INFORMATION
fixed length control field tu
008 - FIXED-LENGTH DATA ELEMENTS--GENERAL INFORMATION
fixed length control field 161220s1996 xxu||||| |||| 00| 0 d
024 7# - OTHER STANDARD IDENTIFIER
Standard number or code 3366
Source of number or code RID
040 ## - CATALOGING SOURCE
Transcribing agency OSt
084 ## - OTHER CLASSIFICATION NUMBER
Classification number 10.532
Number source z
100 1# - MAIN ENTRY--PERSONAL NAME
Personal name Andrews, Emily S.
245 00 - TITLE STATEMENT
Title The Financing of Pension Systems in Central and Eastern Europe. An Overview of Major Trends and Their Determinants, 1990 - 1993
260 ## - PUBLICATION, DISTRIBUTION, ETC.
Place of publication, distribution, etc. Washington :
Name of publisher, distributor, etc. World Bank,
Date of publication, distribution, etc. 1996.
300 ## - PHYSICAL DESCRIPTION
Extent 40 S. ;
Dimensions 30cm.
490 ## - SERIES STATEMENT
Series statement World Bank Technical Paper
Volume/sequential designation 339
700 1# - ADDED ENTRY--PERSONAL NAME
Personal name Rashid, Mansoora
942 ## - ADDED ENTRY ELEMENTS (KOHA)
Koha item type Book
Holdings
Withdrawn status Lost status Damaged status Not for loan Home library Current library Shelving location Date acquired Inventory number Total Checkouts Full call number Barcode Date last seen Price effective from Koha item type
        WIIW WIIW Library 01/22/1997 3367   II-6.126/339 303365 01/26/2017 01/26/2017 Book
The Vienna Instiute for International Economic Studies (wiiw)